Normal view MARC view
  • Information Commissioner's Office

Entry Corporate Name

Number of records used in: 1

001 - CONTROL NUMBER

  • control field: 6192

003 - CONTROL NUMBER IDENTIFIER

  • control field: OSt

005 - DATE AND TIME OF LATEST TRANSACTION

  • control field: 20190806150250.0

008 - FIXED-LENGTH DATA ELEMENTS

  • fixed length control field: 180202n| acannaabn |n ana d

040 ## - CATALOGING SOURCE

  • Original cataloging agency: OSt
  • Transcribing agency: OSt

110 2# - HEADING--CORPORATE NAME

  • Corporate name or jurisdiction name as entry element: Information Commissioner's Office

670 ## - SOURCE DATA FOUND

  • Source citation: Guide to the General Data Protection Regulation (GDPR, 2018